000
00290nam a2200097Ia 4500
082
_a
779.40986|SUTE
245
0
_a
Sharp sharp South Africa : street style
100
_a
Suter, Ed Cape Town, South Africa, 2012
_9
67425
942
_c
BK
008
210817s9999 xx 000 0 und d
999
_c
217383
_d
217383